000 00308nam a22001337a 4500
008 170926b xxu||||| |||| 00| 0 eng d
020 _a9780131179943
041 _aeng
080 _a37
100 _a46
101 _aEDU
245 _aAPPLIED BEHAVIOR ANALYSIS TEACHERS
_cALBERTI.P.A
942 _2udc
_cBK
999 _c30075
_d30075